MARC

LEADER 00000nam0a2200000 4500
001 373679
005 20231102012604.0
035 |a (RuTPU)RU\TPU\retro\31109 
035 |a RU\TPU\book\248674 
090 |a 373679 
100 |a 20221216d1966 k y0rusy50 ca 
101 0 |a rus 
102 |a RU 
105 |a a z 001zy 
200 1 |a Новое в теории трения  |f Академия наук СССР (АН СССР); под ред. И. В. Крагельского 
210 |a Москва  |c Наука  |d 1966 
215 |a 195 с.  |c ил. 
320 |a Библиография в конце статей 
606 1 |a Трение  |x (механика)  |2 stltpush  |3 (RuTPU)RU\TPU\subj\61561  |9 78749 
610 1 |a трение 
610 1 |a поверхности 
610 1 |a шероховатости 
610 1 |a характеристики 
610 1 |a исследование 
610 1 |a тепловая динамика 
610 1 |a математическое моделирование 
675 |a 531.4  |v 3 
675 |a 621.891  |v 3 
702 1 |a Крагельский  |b И. В.  |4 340 
712 0 2 |a Академия наук СССР (АН СССР)  |2 stltpush  |3 (RuTPU)RU\TPU\col\722 
801 1 |a RU  |b 63413507  |c 20121217 
801 2 |a RU  |b 63413507  |c 20221216  |g RCR 
942 |c BK